000 00476nam a2200181Ia 4500
003 GCL
008 140319s9999 xx 000 0 ara d
040 _aGCL /
_cGCL
082 0 4 _a252.3
_bس م
100 1 _aسعدالدين فروح
245 1 0 _aمن وحى رمضان /
_cسعدالدين فروح
260 _a[S.N] :
_bدار الكتاب ،
_c1947
300 _a96 ص
490 _a
650 0 4 _aفقه اسلامى
650 0 4 _aعبادات
942 _2ddc
_cBK
999 _c48462
_d48462